Southville International School and Colleges
Your cart is empty.
  • Cart
  • Lists
    Public lists Eva Luna New books Lux_list list_1
    Your lists Log in to create your own lists
  • Log in to your account
  • Your cookies
  • Search history
Southville International School and Colleges
  • Advanced search
  • Recent comments
  • Most popular
  • Libraries

Log in to your account

Log in with GOOGLE


If you do not have an external account, but do have a local account, you can still log in:

  1. Home
  2. MARC view: Hanyu pinyin. /
Normal view MARC view ISBD view

Hanyu pinyin. / (Record no. 6800)

[ view plain ]
MARC details
000 -LEADER
fixed length control field 00647nam a22002297a 4500
003 - CONTROL NUMBER IDENTIFIER
control field OSt
005 - DATE AND TIME OF LATEST TRANSACTION
control field 20140310181917.0
008 - FIXED-LENGTH DATA ELEMENTS--GENERAL INFORMATION
fixed length control field 130716t xxu||||| |||| 00| 0 eng d
020 ## - INTERNATIONAL STANDARD BOOK NUMBER
International Standard Book Number 9812041419
050 ## - LIBRARY OF CONGRESS CALL NUMBER
Classification number PL 1205
Item number .T161 2002
082 ## - DEWEY DECIMAL CLASSIFICATION NUMBER
Classification number TR 495.115
Item number T15 2002
100 ## - MAIN ENTRY--PERSONAL NAME
Personal name Tan, Huay Peng
9 (RLIN) 1068
245 ## - TITLE STATEMENT
Title Hanyu pinyin. /
Statement of responsibility, etc Tan Huay Peng.
260 ## - PUBLICATION, DISTRIBUTION, ETC. (IMPRINT)
Place of publication, distribution, etc Singapore :
Name of publisher, distributor, etc Times Book International,
Date of publication, distribution, etc c2002.
300 ## - PHYSICAL DESCRIPTION
Extent 96 p.
Dimensions 18 cm.
521 ## - TARGET AUDIENCE NOTE
Target audience note
541 ## - IMMEDIATE SOURCE OF ACQUISITION NOTE
-- 1
562 ## - COPY AND VERSION IDENTIFICATION NOTE
Number of copies 1
650 ## - SUBJECT ADDED ENTRY--TOPICAL TERM
Source of heading or term Chinese languange--Phonetics
650 ## - SUBJECT ADDED ENTRY--TOPICAL TERM
Source of heading or term Chinese language--Glosarries--Vocabularies.
942 ## - ADDED ENTRY ELEMENTS (KOHA)
Source of classification or shelving scheme Library of Congress Classification
Koha item type
Call number prefix
Holdings
Withdrawn status Lost status Source of classification or shelving scheme Damaged status Home library Current library Shelving location Date acquired Total Checkouts Total Renewals Full call number Barcode Date last seen Date checked out Copy number Price effective from Koha item type
    Library of Congress Classification   Luxembourg Library Luxembourg Library Teachers Reference Section 07/16/2013 2 1 PL 1205 .T161 2002 11118 06/15/2023 05/11/2023 1 07/16/2013 Books

Hanyu pinyin. /

APA

Tan H. P., . (2002). Hanyu pinyin. Singapore: Times Book International.

Chicago

Tan Huay Peng, . 2002. Hanyu pinyin. Singapore: Times Book International.

Harvard

Tan H. P., . (2002). Hanyu pinyin. Singapore: Times Book International.

MLA

Tan Huay Peng, . Hanyu pinyin. Singapore: Times Book International. 2002.

  • Place hold
  • Print
  • Cite
  • Add to your cart (remove)
  • Save record
    BIBTEX Dublin Core MARCXML MARC (non-Unicode/MARC-8) MARC (Unicode/UTF-8) MARC (Unicode/UTF-8, Standard) MODS (XML) RIS
  • More searches
    Search for this title in:
    Other Libraries (WorldCat) Other Databases (Google Scholar) Online Stores (Bookfinder.com) Open Library (openlibrary.org)

Exporting to Dublin Core...

SOUTHVILLE LIBRARY

Southville International School and Colleges Library

1281 Tropical Ave. Cor. Luxembourg St., BF Homes International, Las Pinas City

Tel. No. 8256374 / 252358 Loc. 117/146

Powered by Koha